NLE Choppa Charting Songs (Billboard Hot Rap / R&B) - Statistics

General Stats
  • This quiz has been taken 54 times
    33 since last reset
  • The average score is 7 of 15
Answer Stats
Album Weeks On Peak Artist(s) Song % Correct
Cottonwood 22 Weeks #14 NLE Choppa Shotta Flow
96%
Top Shotta 20 Weeks #16 NLE Choppa ft. Roddy Ricch Walk 'Em Down
79%
Me vs. Me 1 Week #30 NLE Choppa Shotta Flow 6
71%
Non-Album Single 8 Weeks #30 NLE Choppa & 2Rare Do It Again
63%
The Goat 8 Weeks #29 Polo G ft. NLE Choppa & Stunna 4 Vegas Go Stupid
58%
Top Shotta 3 Weeks #23 NLE Choppa Shotta Flow 5
58%
Top Shotta 20 Weeks #17 NLE Choppa Camelot
50%
Me vs. Me 4 Weeks #40 NLE Choppa ft. Polo G Jumpin
46%
Top Shotta 1 Week #46 NLE Choppa ft. Lil Baby Narrow Road
46%
Me vs. Me 2 Weeks #40 NLE Choppa Final Warning
29%
Non-Album Single 2 Weeks #35 NLE Choppa Slut Me Out
29%
Hall of Fame (Deluxe Edition) 1 Week #38 Polo G ft. NLE Choppa Unapologetic
29%
Non-Album Single 2 Weeks #36 NLE Choppa Famous Hoes
21%
It's Not Me, It's You 1 Week #50 DDG ft. Polo G & NLE Choppa 9 Lives
17%
Me vs. Me 1 Week #40 NLE Choppa ft. Young Thug Push It
8%
No matching quizzes found
Score Distribution
Percent of People with Each Score
Percentile by Number Answered
Your Score History
You have not taken this quiz since the last reset